Infljacija i krizis regulirovanija ekonomiki

Salvato in:
Dettagli Bibliografici
Autore principale: Men'šikov, Stanislav Michajlovič
Natura: Libro
Lingua:russo
Pubblicazione: Moskva Mysl' 1979
Tags: Aggiungi Tag
Nessun Tag, puoi essere il primo ad aggiungerne!!

MARC

LEADER 00000nam a2200000 4500
001 c119190
005 20160413095514.2
041 0 |a rus 
044 |a RU 
245 1 0 |a Infljacija i krizis regulirovanija ekonomiki  |c Stanislav Michajlovič Men'šikov 
264 1 |a Moskva  |b Mysl'  |c 1979 
300 |a 363 s. 
100 1 |a Men'šikov, Stanislav Michajlovič